[Event "Women's Speed Chess Main"]
[Site "chess.com INT"]
[Date "2021.06.17"]
[Round "1.24"]
[White "Stefanova, Antoaneta"]
[Black "Cori T., Deysi"]
[Result "1-0"]
[WhiteTitle "GM"]
[BlackTitle "WGM"]
[WhiteElo "2470"]
[BlackElo "2388"]
[WhiteFideId "2902257"]
[BlackFideId "3801934"]
[EventDate "2021.06.12"]

1. e4 c5 2. Nf3 e6 3. b3 b6 4. Bb2 Bb7 5. Nc3 Nc6 6. d4 cxd4 7. Nxd4 a6 8. Be2
Nf6 9. f3 Qc7 10. Nxc6 Qxc6 11. Qd3 Rc8 12. a3 Bd6 13. O-O-O Be5 14. Na2 Bxb2+
15. Kxb2 d5 16. exd5 Nxd5 17. g3 b5 18. Nb4 Nxb4 19. axb4 O-O 20. c3 Rc7 21. Rd2
h6 22. Rc1 Rfc8 23. Qd6 Qe8 24. f4 Bc6 25. Qe5 Bd5 26. h4 Qc6 27. h5 Qb6 28. Qd4
Qb7 29. g4 Rd7 30. Qe3 Rcd8 31. Rcd1 Bc6 32. g5 hxg5 33. fxg5 Rxd2+ 34. Rxd2
Rxd2+ 35. Qxd2 Be4 36. h6 Bg6 37. Qd4 gxh6 38. gxh6 f5 39. Bf3 Qf7 40. c4 Kh7
41. c5 Kxh6 42. c6 f4 43. Qe5 Qe8 44. c7 Qd7 45. Qc3 1-0

[Event "Women's Speed Chess Main"]
[Site "chess.com INT"]
[Date "2021.06.17"]
[Round "1.25"]
[White "Cori T., Deysi"]
[Black "Stefanova, Antoaneta"]
[Result "0-1"]
[WhiteTitle "WGM"]
[BlackTitle "GM"]
[WhiteElo "2388"]
[BlackElo "2470"]
[WhiteFideId "3801934"]
[BlackFideId "2902257"]
[EventDate "2021.06.12"]

1. d4 d5 2. Nf3 Nf6 3. g3 Bf5 4. Bg2 c6 5. O-O e6 6. Ne5 Nbd7 7. c4 Nxe5 8. dxe5
Nd7 9. cxd5 exd5 10. Bf4 g5 11. Be3 Nxe5 12. Bd4 f6 13. Nc3 Bg7 14. e4 dxe4 15.
Nxe4 O-O 16. Qb3+ Kh8 17. Rad1 Qc7 18. Bc5 Rfd8 19. Nd6 Bg6 20. f4 gxf4 21. gxf4
Nf7 22. Qxb7 Qxb7 23. Nxb7 Rdc8 24. Rd7 Nh6 25. Nd6 Rd8 26. Rc7 Bf8 27. Nb7
Bxc5+ 28. Nxc5 Rd2 29. Rxc6 Rxb2 30. Rxf6 Rc8 31. Nd7 Ng4 32. Rd6 Ne3 33. Rf2
Rc1+ 34. Bf1 Rxf2 35. Kxf2 Nxf1 0-1

[Event "Women's Speed Chess Main"]
[Site "chess.com INT"]
[Date "2021.06.17"]
[Round "1.26"]
[White "Stefanova, Antoaneta"]
[Black "Cori T., Deysi"]
[Result "1-0"]
[WhiteTitle "GM"]
[BlackTitle "WGM"]
[WhiteElo "2470"]
[BlackElo "2388"]
[WhiteFideId "2902257"]
[BlackFideId "3801934"]
[EventDate "2021.06.12"]

1. e4 d5 2. exd5 Qxd5 3. Nc3 Qd6 4. d4 Nf6 5. Nf3 a6 6. g3 Bg4 7. h3 Bh5 8. Bf4
Qb4 9. Be2 Bxf3 10. Bxf3 Nc6 11. d5 O-O-O 12. Bd2 Ne5 13. Bg2 Nc4 14. O-O Nxd2
15. Qxd2 e6 16. a3 Qb6 17. g4 h6 18. Qd3 Kb8 19. Na4 Qa5 20. Qb3 exd5 21. c4 Bd6
22. cxd5 Rhe8 23. Nc3 Be5 24. Rad1 Rd6 25. f4 Rb6 26. Qc2 Qb5 27. Nxb5 1-0

[Event "Women's Speed Chess Main"]
[Site "chess.com INT"]
[Date "2021.06.17"]
[Round "1.27"]
[White "Cori T., Deysi"]
[Black "Stefanova, Antoaneta"]
[Result "0-1"]
[WhiteTitle "WGM"]
[BlackTitle "GM"]
[WhiteElo "2388"]
[BlackElo "2470"]
[WhiteFideId "3801934"]
[BlackFideId "2902257"]
[EventDate "2021.06.12"]

1. Nf3 d5 2. d4 Nf6 3. e3 Bf5 4. Bd3 Bxd3 5. Qxd3 e6 6. O-O c5 7. dxc5 Bxc5 8.
a3 Qc7 9. b4 Be7 10. Bb2 Nbd7 11. Nbd2 a5 12. c4 dxc4 13. Nxc4 axb4 14. axb4 O-O
15. b5 Nc5 16. Qe2 Nb3 17. Rxa8 Rxa8 18. Nd4 Rc8 19. Nxb3 Qxc4 20. Qxc4 Rxc4 21.
Rd1 Rb4 22. Ba3 Rxb3 23. Bxe7 h6 24. h3 Rxb5 25. Rd8+ Kh7 26. Rb8 Ne4 27. f3
Rb1+ 28. Kh2 Nd2 29. Kg3 b5 30. h4 h5 31. Kf4 Nc4 32. e4 Rb2 33. Bf8 Rxg2 34.
Rxb5 e5+ 35. Kf5 Rg3 36. Rc5 Rxf3+ 37. Kg5 f6+ 38. Kxh5 Nd2 39. Rc7 Rg3 0-1

[Event "Women's Speed Chess Main"]
[Site "chess.com INT"]
[Date "2021.06.17"]
[Round "1.31"]
[White "Stefanova, Antoaneta"]
[Black "Cori T., Deysi"]
[Result "1-0"]
[WhiteTitle "GM"]
[BlackTitle "WGM"]
[WhiteElo "2470"]
[BlackElo "2388"]
[WhiteFideId "2902257"]
[BlackFideId "3801934"]
[EventDate "2021.06.12"]

1. e4 g6 2. Nf3 Bg7 3. g3 d6 4. Bg2 e5 5. O-O Ne7 6. d4 exd4 7. Nxd4 Nbc6 8. c3
O-O 9. Be3 h5 10. Nd2 d5 11. Nxc6 bxc6 12. Qc2 Re8 13. Rfe1 Be6 14. h4 dxe4 15.
Nxe4 Nd5 16. Bg5 Qc8 17. c4 Nb4 18. Qd2 a5 19. Nf6+ Bxf6 20. Bxf6 Kh7 21. a3 Na6
22. Bxc6 Nc5 23. Qg5 Qa6 24. Qxc5 1-0

[Event "Women's Speed Chess Main"]
[Site "chess.com INT"]
[Date "2021.06.17"]
[Round "1.32"]
[White "Cori T., Deysi"]
[Black "Stefanova, Antoaneta"]
[Result "1-0"]
[WhiteTitle "WGM"]
[BlackTitle "GM"]
[WhiteElo "2388"]
[BlackElo "2470"]
[WhiteFideId "3801934"]
[BlackFideId "2902257"]
[EventDate "2021.06.12"]

1. d4 d5 2. Nf3 Nf6 3. c4 c6 4. e3 Bf5 5. Nc3 e6 6. Bd3 Bxd3 7. Qxd3 Nbd7 8. a3
Be7 9. O-O O-O 10. e4 dxe4 11. Nxe4 Nxe4 12. Qxe4 Nf6 13. Qe2 c5 14. Rd1 cxd4
15. Nxd4 Qc7 16. Nb5 Qc6 17. Bg5 a6 18. Nd4 Qc7 19. Rac1 b6 20. Rc3 h6 21. Bh4
Rfe8 22. Rg3 Qf4 23. Bxf6 Bxf6 24. Rgd3 Rad8 25. g3 Qc7 26. b3 e5 27. Nf5 Rxd3
28. Rxd3 e4 29. Rd5 b5 30. h4 bxc4 31. bxc4 Rc8 32. Qg4 Kf8 33. Nd6 Rd8 34. c5
Qd7 35. Qxe4 Qc6 36. Qd3 Be7 37. Rd4 Bxd6 38. cxd6 Rd7 39. Kh2 g6 40. Rd5 Kg7
41. Qd4+ Kh7 42. Kh3 Qc2 43. Kg2 Qc6 44. Kh2 Qc2 45. Qf4 Qc6 46. Rd3 Qc2 47. Rf3
Qc5 48. Rd3 Qc2 49. Rd4 Qc6 50. Qe5 Qc2 51. Rf4 Qd2 52. Qe8 Qxd6 53. Rxf7+ Rxf7
54. Qxf7+ Kh8 55. Qf4 Qxf4 56. gxf4 Kg7 57. Kg3 Kf6 58. Kg4 h5+ 59. Kg3 Kf5 60.
Kf3 Kf6 61. Ke4 Ke6 62. a4 a5 63. Ke3 Kf6 64. Ke4 Ke6 65. f5+ gxf5+ 66. Kf4 Kf6
67. f3 Ke6 68. Kg5 Ke5 69. Kxh5 Kf4 70. Kg6 Kxf3 71. h5 f4 72. h6 Ke2 73. h7 f3
74. h8=Q f2 75. Qe5+ Kd1 76. Qd4+ Ke1 77. Qe3+ Kf1 78. Kg5 Kg2 79. Qe2 Kg1 80.
Qg4+ 1-0

[Event "Women's Speed Chess Main"]
[Site "chess.com INT"]
[Date "2021.06.17"]
[Round "1.33"]
[White "Stefanova, Antoaneta"]
[Black "Cori T., Deysi"]
[Result "1/2-1/2"]
[WhiteTitle "GM"]
[BlackTitle "WGM"]
[WhiteElo "2470"]
[BlackElo "2388"]
[WhiteFideId "2902257"]
[BlackFideId "3801934"]
[EventDate "2021.06.12"]

1. e4 c5 2. Nf3 e6 3. b3 b6 4. Bb2 Bb7 5. Nc3 Nf6 6. e5 Nd5 7. Ne4 Qc7 8. g3 Ne3
9. fxe3 Bxe4 10. Bg2 Be7 11. O-O O-O 12. d3 Bb7 13. e4 Nc6 14. Qd2 f6 15. exf6
Bxf6 16. Bxf6 Rxf6 17. Rf2 Raf8 18. Raf1 h6 19. c3 Ne5 20. Nxe5 Qxe5 21. d4 cxd4
22. cxd4 Rxf2 23. Rxf2 Rxf2 24. Qxf2 Qa5 25. h4 Qc3 26. Kh2 Qd3 27. Qf4 Bc6 28.
Qb8+ Kh7 29. Qxa7 Qxd4 30. a4 Bxe4 31. Bxe4+ Qxe4 32. Qxb6 Qe2+ 33. Kg1 Qf3 34.
Kh2 e5 35. a5 e4 36. Qd4 e3 37. Qd3+ Kh8 38. a6 Qf2+ 39. Kh3 Qf3 40. a7 h5 41.
Kh2 Qf2+ 42. Kh3 Qf3 43. Kh2 Qf2+ 44. Kh3 Qf3 1/2-1/2

[Event "Women's Speed Chess Main"]
[Site "chess.com INT"]
[Date "2021.06.17"]
[Round "1.34"]
[White "Cori T., Deysi"]
[Black "Stefanova, Antoaneta"]
[Result "1/2-1/2"]
[WhiteTitle "WGM"]
[BlackTitle "GM"]
[WhiteElo "2388"]
[BlackElo "2470"]
[WhiteFideId "3801934"]
[BlackFideId "2902257"]
[EventDate "2021.06.12"]

1. d4 d5 2. Nf3 Nf6 3. c4 c6 4. e3 a6 5. b3 Bg4 6. Be2 e6 7. O-O Nbd7 8. Bb2 Be7
9. Nbd2 O-O 10. Ne5 Bxe2 11. Qxe2 Nxe5 12. dxe5 Nd7 13. e4 dxc4 14. Nxc4 Qc7 15.
Rad1 Rad8 16. f4 Nc5 17. f5 b5 18. Nd6 exf5 19. exf5 f6 20. h4 Bxd6 21. exd6
Rxd6 22. Ba3 b4 23. Bxb4 Rxd1 24. Rxd1 Qb6 25. Bxc5 Qxc5+ 26. Qf2 Qe5 27. Re1
Qd5 28. Kh2 Rd8 29. Qf3 Qxf3 30. gxf3 Rd2+ 31. Kg3 Rxa2 32. Re8+ Kf7 33. Rc8 Rb2
34. Rc7+ Kf8 35. Rxc6 Rxb3 36. Rxa6 Rb5 37. Kf4 Rb4+ 38. Kg3 Rb5 39. Kf4 Rb4+
40. Kg3 Rb5 1/2-1/2

[Event "Women's Speed Chess Main"]
[Site "chess.com INT"]
[Date "2021.06.17"]
[Round "1.35"]
[White "Stefanova, Antoaneta"]
[Black "Cori T., Deysi"]
[Result "1-0"]
[WhiteTitle "GM"]
[BlackTitle "WGM"]
[WhiteElo "2470"]
[BlackElo "2388"]
[WhiteFideId "2902257"]
[BlackFideId "3801934"]
[EventDate "2021.06.12"]

1. e4 b6 2. d4 Bb7 3. Qe2 g6 4. Nf3 Bg7 5. g3 e6 6. Bg2 Ne7 7. O-O O-O 8. c3 c5
9. Bg5 h6 10. Bf4 Nbc6 11. Rd1 cxd4 12. cxd4 d5 13. e5 Nf5 14. g4 Nh4 15. Nxh4
Qxh4 16. Bg3 Qe7 17. a3 Rfc8 18. Nc3 Na5 19. f4 Nb3 20. Rab1 a5 21. Qe3 Ba6 22.
Bf1 Bxf1 23. Rxf1 Qd7 24. f5 Rc4 25. Rbd1 exf5 26. gxf5 Re8 27. fxg6 fxg6 28.
Rf4 h5 29. Qf2 Rf8 30. Rxf8+ Bxf8 31. Rf1 Bg7 32. Ne2 Rc2 33. Qe3 Nd2 34. Rd1
Nc4 35. Qf3 Rxb2 36. Nf4 Qf5 37. Qxd5+ Kh7 38. Qxc4 Qg4 39. Qd3 h4 40. Qxg6+
Qxg6 41. Nxg6 hxg3 42. Nf4 gxh2+ 43. Kh1 Bh6 44. Ne6 Be3 45. d5 1-0

[Event "Women's Speed Chess Main"]
[Site "chess.com INT"]
[Date "2021.06.17"]
[Round "1.36"]
[White "Cori T., Deysi"]
[Black "Stefanova, Antoaneta"]
[Result "1-0"]
[WhiteTitle "WGM"]
[BlackTitle "GM"]
[WhiteElo "2388"]
[BlackElo "2470"]
[WhiteFideId "3801934"]
[BlackFideId "2902257"]
[EventDate "2021.06.12"]

1. e4 e5 2. Nf3 Nc6 3. Bc4 Bc5 4. O-O Nf6 5. c3 d6 6. d4 Bb6 7. h3 O-O 8. Re1 h6
9. a4 a6 10. Nbd2 exd4 11. Nf1 dxc3 12. bxc3 Ne5 13. Bb3 Re8 14. Ng3 Ng6 15. a5
Ba7 16. Qc2 Bd7 17. Bd2 Ne5 18. Nd4 c5 19. Ndf5 Bxf5 20. Nxf5 c4 21. Ba4 Re6 22.
Bf4 Ng6 23. Bg3 Ne5 24. Qd2 Nd3 25. Bh4 Qf8 26. Bc2 Nxe4 27. Rxe4 Rxe4 28. Bxd3
cxd3 29. Qxd3 Re6 30. Rd1 Bc5 31. Bg3 Rd8 32. Qd5 g6 33. Nd4 Re7 34. Nf3 1-0

[Event "Women's Speed Chess Main"]
[Site "chess.com INT"]
[Date "2021.06.17"]
[Round "1.37"]
[White "Stefanova, Antoaneta"]
[Black "Cori T., Deysi"]
[Result "1-0"]
[WhiteTitle "GM"]
[BlackTitle "WGM"]
[WhiteElo "2470"]
[BlackElo "2388"]
[WhiteFideId "2902257"]
[BlackFideId "3801934"]
[EventDate "2021.06.12"]

1. e4 e6 2. d4 d5 3. Nd2 Ne7 4. e5 Nf5 5. Ndf3 c5 6. c3 Nc6 7. g4 Nh4 8. Nxh4
Qxh4 9. h3 h5 10. Nf3 Qd8 11. gxh5 cxd4 12. cxd4 Bb4+ 13. Bd2 Qa5 14. a3 Bxd2+
15. Qxd2 Qxd2+ 16. Kxd2 Rxh5 17. Bb5 Bd7 18. Bxc6 Bxc6 19. Rac1 Kd7 20. h4 Rah8
21. Ke3 f6 22. exf6 gxf6 23. Rhg1 R8h7 24. b4 e5 25. Rc5 e4 26. Nd2 b6 27. Rc3
Rxh4 28. Rgc1 Rh3+ 29. f3 Bb5 30. Rc7+ Kd6 31. Rxh7 Rxh7 32. fxe4 Rh3+ 33. Kf4
Rxa3 34. e5+ fxe5+ 35. dxe5+ Ke6 36. Nf3 Bc4 37. Nd4+ Ke7 38. Rg1 a5 39. bxa5
bxa5 40. Rg7+ Ke8 41. Ra7 a4 42. e6 Rh3 43. Nf5 Bb3 44. Nd6+ Kd8 45. e7# 1-0

[Event "Women's Speed Chess Main"]
[Site "chess.com INT"]
[Date "2021.06.17"]
[Round "1.38"]
[White "Cori T., Deysi"]
[Black "Stefanova, Antoaneta"]
[Result "1/2-1/2"]
[WhiteTitle "WGM"]
[BlackTitle "GM"]
[WhiteElo "2388"]
[BlackElo "2470"]
[WhiteFideId "3801934"]
[BlackFideId "2902257"]
[EventDate "2021.06.12"]

1. Nf3 d5 2. e3 Nf6 3. c4 e6 4. Nc3 g6 5. b3 Bg7 6. Bb2 O-O 7. Be2 b6 8. O-O Bb7
9. Rc1 Nbd7 10. cxd5 exd5 11. Qc2 a6 12. d4 Rc8 13. Ne5 Nxe5 14. dxe5 Ne4 15.
Nxe4 dxe4 16. e6 fxe6 17. Rfd1 Qe7 18. Bxg7 Kxg7 19. a4 a5 20. Rd2 Bd5 21. Bc4
c6 22. Bf1 Qf6 23. g3 g5 24. Bg2 Qe5 25. Qb1 c5 26. Qc2 Rf7 27. Rcd1 Rcf8 28. h3
h5 29. Rf1 h4 30. g4 Re7 31. Rfd1 Ref7 32. Rf1 Re7 33. Rfd1 Ref7 34. Rf1 1/2-1/2

[Event "Women's Speed Chess Main"]
[Site "chess.com INT"]
[Date "2021.06.19"]
[Round "1.11"]
[White "Vaishali, R"]
[Black "Lei, Tingjie"]
[Result "1-0"]
[WhiteTitle "WGM"]
[BlackTitle "GM"]
[WhiteElo "2393"]
[BlackElo "2505"]
[WhiteFideId "5091756"]
[BlackFideId "8605114"]
[EventDate "2021.06.12"]

1. e4 e5 2. Nf3 Nc6 3. d4 exd4 4. Nxd4 Nf6 5. Nxc6 bxc6 6. e5 Qe7 7. Qe2 Nd5 8.
h4 f6 9. c4 Ba6 10. Rh3 fxe5 11. Bg5 Qb4+ 12. Nd2 d6 13. Rb3 Qa5 14. Ra3 Qb6 15.
Rxa6 Qxa6 16. cxd5 Qxe2+ 17. Bxe2 cxd5 18. Bb5+ Kf7 19. Bc6 Rb8 20. Bxd5+ Ke8
21. b3 Be7 22. Be3 c5 23. g3 Rf8 24. Ke2 Kd7 25. h5 Rb4 26. Rc1 Rfb8 27. Nc4 h6
28. Rd1 Kc7 29. Kf3 Rf8+ 30. Ke2 Rbb8 31. Bd2 a6 32. Ba5+ Kd7 33. Nb6+ Ke8 34.
Bc6+ Kf7 35. Nd7 1-0

[Event "Women's Speed Chess Main"]
[Site "chess.com INT"]
[Date "2021.06.19"]
[Round "1.12"]
[White "Lei, Tingjie"]
[Black "Vaishali, R"]
[Result "1-0"]
[WhiteTitle "GM"]
[BlackTitle "WGM"]
[WhiteElo "2505"]
[BlackElo "2393"]
[WhiteFideId "8605114"]
[BlackFideId "5091756"]
[EventDate "2021.06.12"]

1. d4 Nf6 2. c4 c5 3. Nf3 cxd4 4. Nxd4 e5 5. Nb3 d5 6. cxd5 Qxd5 7. Qxd5 Nxd5 8.
g3 Nc6 9. Bg2 Ndb4 10. Na3 Be6 11. O-O Nxa2 12. Rxa2 Bxb3 13. Ra1 Bc5 14. Nb5
O-O 15. Be3 Bxe3 16. fxe3 Rfd8 17. Rfc1 Rd2 18. Nxa7 h5 19. Nxc6 Rxa1 20. Ne7+
Kf8 21. Rxa1 Kxe7 22. Ra7 Rxe2 23. Rxb7+ Kf6 24. Rxb3 g5 25. Be4 g4 26. Rb7 Rxe3
27. Bd5 Kg5 28. Rxf7 Re2 29. b3 h4 30. Be6 h3 31. Rf5+ Kg6 32. Rf2 1-0

[Event "Women's Speed Chess Main"]
[Site "chess.com INT"]
[Date "2021.06.19"]
[Round "1.13"]
[White "Vaishali, R"]
[Black "Lei, Tingjie"]
[Result "0-1"]
[WhiteTitle "WGM"]
[BlackTitle "GM"]
[WhiteElo "2393"]
[BlackElo "2505"]
[WhiteFideId "5091756"]
[BlackFideId "8605114"]
[EventDate "2021.06.12"]

1. e4 e5 2. Nf3 Nc6 3. d4 exd4 4. Nxd4 Nf6 5. Nxc6 bxc6 6. e5 Qe7 7. Qe2 Nd5 8.
h4 Qe6 9. Nd2 d6 10. c4 Nf4 11. Qe3 Qxe5 12. Ne4 Bf5 13. Ng3 Be6 14. h5 Be7 15.
Ne4 d5 16. Qxf4 Bb4+ 17. Ke2 Qxe4+ 18. Qxe4 dxe4 19. b3 O-O-O 20. Be3 Rhe8 21.
Rh4 f5 22. g3 Be7 23. Rf4 g5 24. hxg6 hxg6 25. Bh3 Rh8 26. Rxe4 fxe4 27. Bxe6+
Kb7 28. c5 Bf6 29. Rc1 Bd4 30. Rc4 Bxe3 31. Kxe3 Rd3+ 32. Kxe4 Rd2 33. Rb4+ Ka8
34. Bc4 Rxf2 35. Ba6 Rb8 36. Ra4 Re8+ 37. Kd3 Rf3+ 38. Kc2 Rf5 39. Kb2 Rxc5 40.
Rb4 Rb8 41. Rg4 g5 42. Re4 Ra5 43. Bc4 Rf5 44. Re7 Kb7 45. Rg7 Rd8 46. a4 a5 47.
g4 Rf2+ 48. Kc3 Rf3+ 49. Kb2 Rh8 50. Re7 Rh2+ 51. Ka3 Rff2 0-1

[Event "Women's Speed Chess Main"]
[Site "chess.com INT"]
[Date "2021.06.19"]
[Round "1.14"]
[White "Lei, Tingjie"]
[Black "Vaishali, R"]
[Result "0-1"]
[WhiteTitle "GM"]
[BlackTitle "WGM"]
[WhiteElo "2505"]
[BlackElo "2393"]
[WhiteFideId "8605114"]
[BlackFideId "5091756"]
[EventDate "2021.06.12"]

1. e4 e5 2. Nf3 Nc6 3. Bb5 a6 4. Ba4 d6 5. d4 Bd7 6. c3 Nf6 7. O-O g6 8. Re1 Bg7
9. Bxc6 Bxc6 10. dxe5 Nxe4 11. exd6 O-O 12. Bf4 cxd6 13. Nbd2 Nxd2 14. Nxd2 Qf6
15. Bg3 Rfe8 16. Rxe8+ Rxe8 17. Nb3 Qe6 18. Nd4 Bxd4 19. cxd4 Qd5 20. f3 Bb5 21.
a4 Bc4 22. Ra3 b5 23. axb5 Bxb5 24. Rc3 Kg7 25. h4 Re2 26. b3 Rb2 27. Kh2 Bd7
28. Qc1 Re2 29. Re3 Ra2 30. Qe1 Qf5 31. Re2 Rxe2 32. Qxe2 Bb5 33. Qe7 Qf6 34.
Qe4 Bd7 35. Kg1 Be6 36. b4 Qf5 37. Qe1 Qd5 38. Qe3 h6 39. Qf4 Qf5 0-1

[Event "Women's Speed Chess Main"]
[Site "chess.com INT"]
[Date "2021.06.19"]
[Round "1.15"]
[White "Vaishali, R"]
[Black "Lei, Tingjie"]
[Result "1-0"]
[WhiteTitle "WGM"]
[BlackTitle "GM"]
[WhiteElo "2393"]
[BlackElo "2505"]
[WhiteFideId "5091756"]
[BlackFideId "8605114"]
[EventDate "2021.06.12"]

1. e4 e5 2. Nf3 Nc6 3. d4 exd4 4. Nxd4 Nf6 5. Nxc6 bxc6 6. e5 Qe7 7. Qe2 Nd5 8.
h4 f6 9. c4 Ba6 10. Rh3 fxe5 11. Bg5 Nf6 12. Re3 O-O-O 13. Ra3 Bb7 14. Rxa7 Qe6
15. Nc3 Bc5 16. Ra5 Bb6 17. Rxe5 Qxe5 18. Qxe5 Rde8 19. Qe2 Rxe2+ 20. Bxe2 Re8
21. Kf1 d5 22. Rd1 Ba5 23. Bxf6 gxf6 24. cxd5 Bxc3 25. dxc6 Bxc6 26. Bg4+ Kb8
27. bxc3 Re4 28. Bf3 Bb5+ 29. Kg1 Rxh4 30. Rb1 1-0

[Event "Women's Speed Chess Main"]
[Site "chess.com INT"]
[Date "2021.06.19"]
[Round "1.16"]
[White "Lei, Tingjie"]
[Black "Vaishali, R"]
[Result "1-0"]
[WhiteTitle "GM"]
[BlackTitle "WGM"]
[WhiteElo "2505"]
[BlackElo "2393"]
[WhiteFideId "8605114"]
[BlackFideId "5091756"]
[EventDate "2021.06.12"]

1. e4 e5 2. Nf3 Nc6 3. Bb5 a6 4. Ba4 d6 5. O-O g6 6. d4 Bd7 7. Bxc6 Bxc6 8. dxe5
dxe5 9. Nxe5 Qxd1 10. Rxd1 Nf6 11. Nxc6 bxc6 12. Bf4 Bg7 13. Nc3 Ra7 14. Na4 O-O
15. Nc5 Nh5 16. Be3 Raa8 17. Rab1 Rfd8 18. b3 Bf8 19. Kf1 Bxc5 20. Bxc5 Nf4 21.
g3 Ne6 22. Be3 f5 23. exf5 gxf5 24. Ke2 Kf7 25. Kf3 a5 26. a4 Rd5 27. Rxd5 cxd5
28. Rd1 d4 29. Bc1 c5 30. Bd2 c4 31. h3 cxb3 32. cxb3 Rb8 33. Rb1 Nc5 34. Bxa5
Nxb3 35. Kf4 Rb7 36. Be1 Ke6 37. Rd1 Kd5 38. Kxf5 Ra7 39. Rb1 Kc4 40. a5 d3 41.
g4 d2 42. Bxd2 Nxd2 43. Rc1+ Kd3 44. Rc5 Nb3 45. Rd5+ Kc4 46. Re5 Rf7+ 47. Kg5
Rxf2 48. Kh6 Ra2 49. Kxh7 Kd4 50. Rf5 Nxa5 51. g5 Nc6 52. g6 Rh2 53. Rh5 Ne7 54.
g7 Rg2 55. h4 Ke4 56. Rh6 Kf5 57. Ra6 Rg4 58. h5 Rh4 59. h6 Rg4 60. Ra5+ Kf6 61.
Ra6+ Kf7 62. Ra7 Rg5 63. Rxe7+ Kxe7 64. g8=Q Rxg8 65. Kxg8 1-0

[Event "Women's Speed Chess Main"]
[Site "chess.com INT"]
[Date "2021.06.19"]
[Round "1.17"]
[White "Vaishali, R"]
[Black "Lei, Tingjie"]
[Result "0-1"]
[WhiteTitle "WGM"]
[BlackTitle "GM"]
[WhiteElo "2393"]
[BlackElo "2505"]
[WhiteFideId "5091756"]
[BlackFideId "8605114"]
[EventDate "2021.06.12"]

1. e4 e5 2. Nf3 Nc6 3. d4 exd4 4. Nxd4 Nf6 5. Nxc6 bxc6 6. e5 Qe7 7. Qe2 Nd5 8.
h4 Qe6 9. Nd2 d6 10. exd6 Bxd6 11. Nc4 Bc5 12. a3 O-O 13. Qxe6 Bxe6 14. Bd3 Rfe8
15. O-O Nb6 16. Na5 Bd7 17. Bf4 Nd5 18. Bg3 Rab8 19. c4 Nf6 20. b4 Bd6 21. Nb3
Ne4 22. Bxd6 cxd6 23. Rfe1 Nf6 24. c5 d5 25. f3 Nh5 26. Nd4 g6 27. Kf2 Nf4 28.
Ba6 Kf8 29. Rxe8+ Bxe8 30. g3 Ne6 31. Nxe6+ fxe6 32. f4 Ke7 33. Ke3 h6 34. Kd4
Kf6 35. Re1 Bd7 36. Re5 Bc8 37. Bd3 a5 38. Kc3 axb4+ 39. axb4 Ra8 40. g4 Ra3+
41. Kc2 Ra2+ 42. Kc3 Ra3+ 43. Kc2 Ra2+ 44. Kb3 Rf2 45. g5+ hxg5 46. fxg5+ Kxe5
47. Bxg6 Rh2 48. h5 Kf4 49. h6 Kxg5 50. Be8 Bb7 51. Ka4 Rxh6 52. Ka5 Rh8 53. Bd7
Rd8 54. Bxe6 d4 55. Kb6 Bc8 56. Bb3 d3 57. Kxc6 d2 58. Kc7 Rd3 59. Bd1 Bg4 60.
Bc2 Rc3 61. Ba4 Rc4 62. c6 Rxb4 63. Bc2 Rc4 64. Bb3 Rc3 65. Ba4 Bf3 66. Kb6 Bxc6 0-1

[Event "Women's Speed Chess Main"]
[Site "chess.com INT"]
[Date "2021.06.19"]
[Round "1.21"]
[White "Lei, Tingjie"]
[Black "Vaishali, R"]
[Result "1/2-1/2"]
[WhiteTitle "GM"]
[BlackTitle "WGM"]
[WhiteElo "2505"]
[BlackElo "2393"]
[WhiteFideId "8605114"]
[BlackFideId "5091756"]
[EventDate "2021.06.12"]

1. e4 e5 2. Nf3 Nc6 3. Bb5 g6 4. d4 exd4 5. c3 a6 6. Bxc6 dxc6 7. cxd4 Bg7 8. h3
Nf6 9. Nc3 O-O 10. O-O Re8 11. Re1 h6 12. e5 Nd5 13. Ne4 Bf5 14. Bd2 Qd7 15. Nc5
Qc8 16. Nh4 b6 17. Ne4 g5 18. Nxf5 Qxf5 19. Ng3 Qd3 20. Rc1 Qxd4 21. Nf5 Qd3 22.
Nxg7 Kxg7 23. Rxc6 Re6 24. Rxe6 fxe6 25. Bxg5 Qxd1 26. Bf6+ Nxf6 27. exf6+ Kxf6
28. Rxd1 c5 29. Rd7 b5 30. Kf1 c4 31. Ke2 Rc8 32. Rd6 a5 33. Ra6 a4 34. Rb6 Rc5
35. f4 h5 36. g4 hxg4 37. hxg4 a3 38. bxa3 c3 39. Kd1 Rc4 40. f5 Rxg4 41. fxe6
Rg2 42. Rxb5 Rxa2 43. Rb3 Ra1+ 44. Kc2 Kxe6 45. Rxc3 Kd6 46. Kb3 Rb1+ 47. Ka2
Rb6 48. a4 Rc6 49. Rd3+ Kc7 50. Ka3 Kb7 51. Kb4 Rc7 52. Kb5 Rh7 53. Rd5 Rh6 54.
a5 Rh7 55. Rf5 Rg7 56. Rc5 Rh7 57. a6+ Ka7 58. Ka5 Rh6 59. Rc7+ Ka8 60. Rf7 Rh5+
61. Kb6 Rh6+ 62. Kc7 Rxa6 63. Rf8+ Ka7 64. Rf2 Ra3 65. Rc2 Ka6 66. Rc6+ Kb5 67.
Rb6+ Kc5 68. Rc6+ Kd5 69. Rd6+ Kc5 70. Rc6+ Kd5 71. Rd6+ Kc5 72. Rc6+ 1/2-1/2

[Event "Women's Speed Chess Main"]
[Site "chess.com INT"]
[Date "2021.06.19"]
[Round "1.22"]
[White "Vaishali, R"]
[Black "Lei, Tingjie"]
[Result "0-1"]
[WhiteTitle "WGM"]
[BlackTitle "GM"]
[WhiteElo "2393"]
[BlackElo "2505"]
[WhiteFideId "5091756"]
[BlackFideId "8605114"]
[EventDate "2021.06.12"]

1. e4 e5 2. Nf3 Nc6 3. d4 exd4 4. Nxd4 Nf6 5. Nxc6 bxc6 6. e5 Qe7 7. Qe2 Nd5 8.
h4 f6 9. c4 Ba6 10. Rh3 fxe5 11. Bg5 Nf6 12. Re3 O-O-O 13. Ra3 Bb7 14. Rxa7 Qe6
15. Nd2 Bc5 16. Ra5 Bb6 17. Rxe5 Bxf2+ 18. Kxf2 Ng4+ 19. Kg1 Nxe5 20. Bxd8 Rxd8
21. Re1 Re8 22. b4 c5 23. bxc5 Qg6 24. Qf2 Bc6 25. Re3 Ng4 26. Rxe8+ Qxe8 27.
Qe2 Qh5 28. Nf3 Qxc5+ 29. Kh1 Nf2+ 30. Kh2 Ne4 31. Qd3 Qf2 32. Qe2 Qg3+ 33. Kg1
h6 34. a4 Qd6 35. Qe3 Qb4 36. Nd4 Qc5 37. Nc2 Qxe3+ 38. Nxe3 Bxa4 39. Nf5 Bc2
40. Nxg7 Ng3 41. Kf2 Nxf1 42. Kxf1 Bd3+ 43. Kf2 Bxc4 44. Nf5 h5 45. g4 hxg4 46.
Kg3 Bd3 47. Ne3 c5 48. h5 c4 49. h6 c3 50. Kxg4 c2 51. Nxc2 Bxc2 52. Kf4 Kc7 53.
Ke5 Kc6 54. Kf6 d5 0-1

[Event "Women's Speed Chess Main"]
[Site "chess.com INT"]
[Date "2021.06.19"]
[Round "1.23"]
[White "Lei, Tingjie"]
[Black "Vaishali, R"]
[Result "1-0"]
[WhiteTitle "GM"]
[BlackTitle "WGM"]
[WhiteElo "2505"]
[BlackElo "2393"]
[WhiteFideId "8605114"]
[BlackFideId "5091756"]
[EventDate "2021.06.12"]

1. e4 c5 2. Nf3 d6 3. d4 cxd4 4. Nxd4 Nf6 5. Nc3 Nc6 6. Bg5 g6 7. Bxf6 exf6 8.
Bb5 Bd7 9. O-O Bg7 10. Nf3 Be6 11. Qd2 O-O 12. Rad1 f5 13. Bxc6 bxc6 14. Nd4
Bxd4 15. Qxd4 f4 16. Qxd6 Qg5 17. Kh1 Rab8 18. b3 f3 19. gxf3 Qf6 20. Qd3 h5 21.
Qe3 h4 22. f4 Bg4 23. f3 Bh3 24. Rg1 Qe7 25. e5 Rfd8 26. Ne4 Rxd1 27. Rxd1 Rd8
28. Nd6 Kg7 29. c4 Rd7 30. f5 f6 31. exf6+ Kxf6 32. Ne4+ Kxf5 33. Rxd7 Qxd7 34.
Qg5+ Ke6 35. Qf6# 1-0